000 01096nac a22002891u 4500
003 EG-ScBUE
005 20220327125334.0
008 200219s1981 okua f b 001 0beng d
020 _a0806116609
040 _aEG-ScBUE
_beng
_erda
_cEG-ScBUE
_dEG-ScBUE
082 0 4 _a891.7142
_bMAL
_222
100 1 _aMallac, Guy de,‏
_d1936-
_eauthor.
245 1 0 _aBoris Pasternak, his life and art /
_cby Guy de Mallac ; foreword by Rimvydas Šilbajoris.
264 1 _aNorman :
_bUniversity of Oklahoma Press,
_c1981.
300 _axxv, 449 pages :
_billustrations ;
_c26 cm
336 _2rdacontent
_atext
_btxt
337 _2rdamedia
_aunmediated
_bn
338 _2rdacarrier
_avolume
_bnc
504 _aIncludes bibliographical references and index.
600 1 7 _aPasternak, Boris Leonidovich,
_d1890-1960.
_2BUEsh
_935994
650 7 _aAuthors, Russian
_y20th century
_xBiography.
_2BUEsh
651 _2BUEsh
653 _bGGEN
_cMarch2022
655 _vReading book
_934232
700 1 _aŠilbajoris, Rimvydas,‏
_d1926-2005,
_eauthor of introduction, etc.
942 _cBB
_k891.7142 MAL
_2ddc
999 _c7267
_d7267